| 000 | 00862nam a2200217 a 4500 | ||
|---|---|---|---|
| 001 | 000015115 | ||
| 005 | 20200929163948.0 | ||
| 008 | 100201s2005 dr a 001 0 spa d | ||
| 020 | _a9945037005 | ||
| 040 |
_aDO-SdBNP _bspa _cBNPHU |
||
| 082 |
_a581.97293 _bP147d |
||
| 100 | 1 |
_aPaino Perdomo, Omar, _d1972- _934212 |
|
| 245 | 1 | 0 |
_aDiáspora = diaspora : _bbibliografia micologica de la española = Mycological bibliography of La Española / _cOmar Paino Perdomo ; traducción Linda M. Rodríguez Guglielmoni. |
| 246 | 1 | 1 |
_aDiaspora : _bMycological bibliography of La Española |
| 260 |
_aSanto Domingo : _b[s.n.], _c2005. |
||
| 300 |
_a77 p. : _bil. ; _c22 cm. |
||
| 500 | _aIncluye datos biográficos del autor en las solapas | ||
| 650 | 4 |
_aBotanica _zRepública Dominicana _934213 |
|
| 700 | 1 |
_aRodríguez Guglielmoni, Linda M. _etrad. _925666 |
|
| 049 | _aBNPD | ||
| 999 |
_c14687 _d14687 |
||